Talent magnets: how to recruit and retain the best (Record no. 404813)

000 -LEADER
fixed length control field 00332cam a22001097a 4500
008 - FIXED-LENGTH DATA ELEMENTS--GENERAL INFORMATION
fixed length control field 180718b2005 xxu||||| |||| 00| 0 eng d
020 ## - INTERNATIONAL STANDARD BOOK NUMBER
International Standard Book Number 817881417X
245 ## - TITLE STATEMENT
Title Talent magnets: how to recruit and retain the best
Statement of responsibility, etc. edited by Nasreen Taher
260 ## - PUBLICATION, DISTRIBUTION, ETC.
Place of publication, distribution, etc. Hyderabad
Name of publisher, distributor, etc. ICFAI Univ. Press
Date of publication, distribution, etc. 2005
300 ## - PHYSICAL DESCRIPTION
Extent 153p.
700 ## - ADDED ENTRY--PERSONAL NAME
Personal name Taher, Nasreen
Holdings
Withdrawn status Lost status Damaged status Not for loan Permanent Location Current Location Date acquired Barcode Date last seen Price effective from Koha item type
        Indian Institute of Public Administration Indian Institute of Public Administration 2005-12-13 80725 2018-07-21 2018-07-21 Book

Powered by Koha